| 000 | 01260nam a2200313Ia 4500 | ||
|---|---|---|---|
| 001 | Z_6629 | ||
| 008 | 220601s9999 xx 000 0 und d | ||
| 020 | _a978-607-12-0307-6 | ||
| 082 | _a639.3758 S25 | ||
| 100 |
_aSalazar Bustos, María del Socorro _9126242 |
||
| 245 | _aEl cultivo de la tilapia / María del Socorro Salazar Bustos; formación y deseño de portada Isauro Hernández Martínez y Josué Antuán Hernández Mondragón | ||
| 260 | _aMéxico : UACh, Departamento de Enseñanza, Investigación y Servicio en Zootecnia, Campo agricola experimental | ||
| 300 | _a46 p. | ||
| 500 | _aEn portada: Sistemas de cultivo | ||
| 503 | _aej.1: donación \ ej.2: donación \ ej.3: donación | ||
| 504 | _aBibliografía: p. 44 - 45 | ||
| 650 | _a1. Piscicultura | ||
| 650 | _aTilapias -- Cultivos | ||
| 650 | _aTilapias -- Producción | ||
| 650 | _aNutrición de los peces | ||
| 650 |
_aEnfermedades de peces _9143539 |
||
| 650 | _aPeces -- Mercado | ||
| 700 |
_aHernández Martínez, Isauro, diseño y portada \ Hernández Mondragón, Josué Antuán, diseño y portadaÌ _9184052 |
||
| 901 | _a639.3758 S25 | ||
| 902 | _aM | ||
| 905 | _a5232272013 mx dn 8221113311spa16 | ||
| 942 | _c1 | ||
| 999 |
_c217157 _d217157 |
||